02450nam a22001697a 4500008004100000020001800041050001700059100002400076245008900100250001900189260003400208300004300242500002000285505192100305650003202226700002202258120821t xxu||||| |||| 00| 0 eng d a9780072835335 aZ52.5.M52 O2 aO'Leary, Timothy J. aThe O'Leary series: office word // 2003. /cTimothy J. O'Leary and Linda I. O'Leary. aBrief edition. aBoston:bMcGraw Hill,cc2004. axxvi, + various pagings:bill.;c27cm. aIncludes index. aContents: Introduction to microsoft office 2003: What is microsoft office system 2003? -- Common office 2003 features -- Lab review -- Word: overview of micosoft office word 2003 -- Creating and editing a document: Objectives -- Case study -- Concept preview -- Introducing office word 2003 -- Creating new documents -- Entering text -- Moving through text -- Identifying and correcting errors automatically -- Saving, closing, and opening files -- Navigating a document -- Editing documents -- Formatting a document -- Working with graphics -- Previewing and printing a document -- Setting file properties -- Editing word -- Focus on careers -- Concept summary -- Lab review -- Lab exercises -- Revising and refining a document: Objectives -- Case study -- Concept preview -- Revising a document -- Moving and copying selections -- Controlling document paging -- Finding and replacing text -- Inserting the current date -- Modifying page layout -- More paragraph formatting -- More character formatting -- Creating lists -- Using auto text entries -- Adding and modifying an autoshape -- Editing while previewing -- Using document versions -- Focus on careers -- Concept summary -- Lab review -- Lab exercises -- Creating reports and tables: Objectives -- Case study -- Concept preview -- Creating and modifying an outline -- Saving to a new folder -- Hiding spelling and grammar errors -- Formatting documents automatically -- Creating a table of contents -- Navigating by headings -- Formatting document sections -- Including source references -- Formatting picture layout -- Referencing figures -- Creating a simple table -- Sorting a list -- Creating headers and footers -- Checking the document -- Updating a table of contents -- Printing selected pages -- Focus on careers -- Concept summary -- Lab review -- Lab exercises -- Working together 1: word 2003 and your web browser -- Lab review -- Lab exercises.  bMicrosoft office word 2003. aO'Leary, Linda I.